|
|
|
|
| LEADER |
02812nam a2200457 a 4500 |
| 001 |
13394756 |
| 003 |
BD-DhAAL |
| 008 |
121231r20092004maua b 001 0 eng |
| 999 |
|
|
|c 13096
|d 13096
|
| 010 |
|
|
|a 2003024264
|
| 020 |
|
|
|a 9788126522651
|
| 020 |
|
|
|a 0632064676
|
| 040 |
|
|
|a DNLM/DLC
|c DLC
|d DLC
|d BD-DhAAL.
|
| 082 |
0 |
0 |
|a 615.101579
|2 22
|
| 245 |
0 |
0 |
|a Hugo and Russell's pharmaceutical microbiology /
|c edited by Stephen P. Denyer, Norman A. Hodges, Sean P. Gorman.
|
| 246 |
1 |
4 |
|a Hugo & Russell's pharmaceutical microbiology.
|
| 246 |
3 |
0 |
|a Pharmaceutical microbiology
|
| 250 |
|
|
|a Seventh edition
|
| 260 |
|
|
|a Malden, Mass. :
|b Blackwell Science ;
|a New Delhi :
|b Wiley India Pvt. Ltd.
|c 2004 [Reprinted 2009]
|
| 300 |
|
|
|a x, 481 pages :
|b illustrations ;
|c 24 cm.
|
| 500 |
|
|
|a Rev. ed. of: Pharmaceutical microbiology /edited by W.B. Hugo and A.D. Russell.
|
| 504 |
|
|
|a Includes bibliographical references and index.
|
| 541 |
|
|
|e 00026413
|
| 650 |
|
0 |
|a Pharmaceutical microbiology.
|9 43695
|
| 650 |
1 |
2 |
|a Anti-Infective Agents.
|9 43696
|
| 650 |
2 |
2 |
|a Technology, Pharmaceutical.
|9 43697
|
| 650 |
2 |
2 |
|a Pharmaceutical microbiology.
|9 44051
|
| 650 |
2 |
2 |
|a Pharmacy.
|9 43698
|
| 700 |
1 |
|
|a Hugo, W. B.
|q (William Barry)
|9 43699
|
| 700 |
1 |
|
|a Denyer, S. P.
|9 43700
|
| 700 |
1 |
|
|a Hodges, Norman A.
|9 43701
|
| 700 |
1 |
|
|a Gorman, S. P.
|9 43702
|
| 852 |
1 |
|
|a Ayesha Abed Library
|j General shelf.
|
| 942 |
0 |
0 |
|0 1
|2 ddc
|c BK
|
| 952 |
|
|
|0 0
|1 0
|2 ddc
|4 0
|6 615_101579000000000_HUG
|7 0
|9 21770
|a BRACUL
|b BRACUL
|c GEN
|d 2013-01-01
|e TRIM EDUCATION
|g 1760.00
|l 10
|m 89
|o 615.101579 HUG
|p 3010026413
|r 2025-02-12
|s 2024-05-30
|t 1
|w 2013-01-01
|y BK
|
| 952 |
|
|
|0 0
|1 0
|2 ddc
|4 0
|6 615_101579000000000_HUG
|7 0
|9 21771
|a BRACUL
|b BRACUL
|c GEN
|d 2013-01-01
|e TRIM EDUCATION
|g 1760.00
|l 5
|m 65
|o 615.101579 HUG
|p 3010026414
|r 2025-09-18
|s 2025-09-01
|t 2
|w 2013-01-01
|y BK
|
| 952 |
|
|
|0 0
|1 0
|2 ddc
|4 0
|6 615_101579000000000_HUG
|7 0
|9 21772
|a BRACUL
|b BRACUL
|c GEN
|d 2013-01-01
|e TRIM EDUCATION
|g 1760.00
|l 9
|m 90
|o 615.101579 HUG
|p 3010026415
|q 2026-05-14
|r 2025-10-13
|s 2025-10-13
|t 3
|w 2013-01-01
|y BK
|
| 952 |
|
|
|0 0
|1 0
|2 ddc
|4 0
|6 615_101579000000000_HUG
|7 0
|9 21802
|a BRACUL
|b BRACUL
|c GEN
|d 2013-01-10
|e Trim Education
|g 1525.00
|l 8
|m 68
|o 615.101579 HUG
|p 3010026456
|r 2025-08-31
|s 2025-07-20
|t 4
|w 2013-01-10
|y BK
|
| 952 |
|
|
|0 0
|1 0
|2 ddc
|4 0
|6 615_101579000000000_HUG
|7 0
|9 21803
|a BRACUL
|b BRACUL
|c GEN
|d 2013-01-10
|e Trim Education
|l 13
|m 71
|o 615.101579 HUG
|p 3010026455
|r 2025-09-02
|s 2025-07-01
|t 5
|w 2013-01-10
|y BK
|
| 952 |
|
|
|0 0
|1 0
|2 ddc
|4 0
|6 615_101579000000000_HUG
|7 0
|9 21804
|a BRACUL
|b BRACUL
|c GEN
|d 2013-01-10
|e Trim Education
|l 14
|m 98
|o 615.101579 HUG
|p 3010026454
|r 2025-08-03
|s 2025-07-28
|t 6
|w 2013-01-10
|y BK
|
| 952 |
|
|
|0 0
|1 0
|2 ddc
|4 0
|6 615_101579000000000_HUG
|7 0
|9 21805
|a BRACUL
|b BRACUL
|c GEN
|d 2013-01-10
|e Trim Education
|g 1525.00
|l 10
|m 108
|o 615.101579 HUG
|p 3010026453
|r 2026-02-02
|s 2025-10-08
|t 7
|w 2013-01-10
|y BK
|